000 00548nam a2200181Ia 4500
001 46244
008 140429s9999 xx 000 0 und d
020 _a9781439814659
040 _cPK-LaUMT
082 _a 378.101
_bBAL-L
100 _aBalzer, William K.
245 _aLean higher education
_bincreasing the value and performance of university processes
_cBalzer, William K.
260 _aNew York,USA:
_bCRC (Taylor & Francis Group),
_c2010
300 _a292 p.
546 _aEN
650 _aOrganizational change-United States
942 _cBK
999 _c44197
_d44197